Poradca podnikateľa 8/93 Sociálne zabezpečenie - novela zákona s výkladom. Fond zamestnanosti - výklad. Jednotná colná deklarácia - vzory novej úpravy. Vyrovnanie dedičských podielov - vzor dohody. Majetkové priznanie. Platobný styk s ČR
Salvato in:
| Natura: | Libro |
|---|---|
| Lingua: | slovacco |
| Pubblicazione: |
Žilina
Poradca podnikateľa
1993
|
| Edizione: | 1. vyd. |
| Soggetti: | |
| Tags: |
Nessun Tag, puoi essere il primo ad aggiungerne!!
|
MARC
| LEADER | 00000nam a2200000 4500 | ||
|---|---|---|---|
| 001 | c003853 | ||
| 005 | 20221214082643.0 | ||
| 041 | 0 | |a slo | |
| 044 | |a SK | ||
| 245 | 1 | 0 | |a Poradca podnikateľa 8/93 |b Sociálne zabezpečenie - novela zákona s výkladom. Fond zamestnanosti - výklad. Jednotná colná deklarácia - vzory novej úpravy. Vyrovnanie dedičských podielov - vzor dohody. Majetkové priznanie. Platobný styk s ČR |
| 250 | |a 1. vyd. | ||
| 264 | 1 | |a Žilina |b Poradca podnikateľa |c 1993 | |
| 300 | |a 160 s. | ||
| 610 | 2 | 0 | |a zabezpečenie sociálne |
| 610 | 2 | 0 | |a zákony |
| 610 | 2 | 0 | |a Fond zamestnanosti SR |
| 610 | 2 | 0 | |a jednotný colný doklad |
| 610 | 2 | 0 | |a priznania majetkové |
| 610 | 2 | 0 | |a dane |
| 610 | 2 | 0 | |a poradcovia |
| 610 | 2 | 0 | |a podnikanie |
| 610 | 2 | 0 | |a poradenstvo |